01020nam a2200217 a 450000100100000000500170001000800410002702000150006804000250008310000510010824501000015926000680025930000210032749000350034870000330038383000420041695201110045895201110056995201050068099900170078500004030320201002034038.0130802s2009 mx 000 0 spa d a9703214983 aDO-SdBNPbspacBNPHU1 aGutiérrez Nájera, Manueld1859-189596658710aPor donde se sube al cielo /cManuel Gutiérrez Nájera ; introducción Belem Clark de Lara. aMéxico :bUniversidad Nacional Autónoma de México,c2009. a131 p. ;c18 cm.1 aRelato Licenciado Vidrierav241 aClark de Lara, Belem,966588 0aRelato Licenciado Vidrierav24966234 001050718MOaGRbGRcCTd2013-08-21iLF1l0o p40303-10r2020-06-25te. 2w2020-06-25y1ZNo se presta 001050718MOaGRbGRcCTd2013-08-21iLF1l0o p40303-20r2020-06-25te. 3w2020-06-25y1ZNo se presta 001050718MOaGRbGRcCTd2013-08-21iLF1l0o p40303-30r2020-06-25w2020-06-25y1ZNo se presta c39793d39793